[Event "Aktivschach 2008"]
[Site "?"]
[Date "2008.01.21"]
[Round "1"]
[White "MM IV + HG440, Mephisto"]
[Black "MM II + HG240, Mephisto"]
[Result "1/2-1/2"]
[WhiteElo "1946"]
[BlackElo "1805"]
[Annotator "Alexander Riedel"]
[PlyCount "157"]
[EventDate "2008.??.??"]
[SourceDate "2009.06.14"]

1. e4 c5 2. Nf3 Nc6 3. d4 cxd4 4. Nxd4 g6 5. Nc3 Bg7 6. Be3 Nf6 7. Bc4 Qa5 8.
O-O O-O 9. Nb3 Qc7 10. f4 d6 11. Be2 Bd7 12. Qd2 a6 13. Nd5 Qd8 14. Bf3 Be6 15.
Rad1 b5 16. Nxf6+ exf6 17. Qxd6 Qxd6 18. Rxd6 Nb4 19. e5 Rad8 20. Bc5 Nxc2 21.
Rxa6 Rfe8 22. Bc6 Bxb3 23. Bxe8 Bc4 24. Rc1 fxe5 25. Rxc2 Rxe8 26. fxe5 Bxe5
27. b3 Bd3 28. Rd2 Bf5 29. Bd6 Bc3 30. Rd5 Be4 31. Rd1 Bc2 32. Rf1 f5 33. Kf2
Bd4+ 34. Kg3 g5 35. b4 Re3+ 36. Rf3 f4+ 37. Kg4 Bd1 38. Bc5 Bxf3+ 39. gxf3 Bxc5
40. bxc5 Re5 41. Ra8+ Kf7 42. c6 Rc5 43. c7 Rxc7 44. Kxg5 Rc2 45. h4 Rc5+ 46.
Kxf4 h5 47. Ra5 Kf6 48. Ra6+ Kg7 49. Rb6 Kf7 50. Ke4 Rc4+ 51. Kf5 Rc5+ 52. Kf4
Kf8 53. Rb7 Kg8 54. Ke3 Re5+ 55. Kd4 Rf5 56. Ke4 Rc5 57. f4 Kh8 58. f5 Rc4+ 59.
Ke5 b4 60. Kf6 Rg4 61. Ra7 Rg3 62. Ra4 Rg4 63. Ra8+ Kh7 64. Rb8 Rxh4 65. Kg5
Rh2 66. f6 Rg2+ 67. Kxh5 Rf2 68. Kg5 Rg2+ 69. Kf5 Rf2+ 70. Ke6 Re2+ 71. Kf7
Rxa2 72. Rxb4 Ra7+ 73. Ke8 Ra8+ 74. Ke7 Ra7+ 75. Ke6 Ra6+ 76. Kf5 Ra5+ 77. Ke4
Kg6 78. Rb6 Ra1 79. Ke5 1/2-1/2

[Event "Aktivschach 2008"]
[Site "?"]
[Date "2008.01.27"]
[Round "1"]
[White "MM IV + HG440, Mephisto"]
[Black "Modena, Mephisto"]
[Result "1-0"]
[WhiteElo "1946"]
[BlackElo "1959"]
[Annotator "Alexander Riedel"]
[PlyCount "85"]
[EventDate "2008.??.??"]
[SourceDate "2009.06.14"]

1. e4 e6 2. d4 d5 3. exd5 exd5 4. Bd3 Nc6 5. c3 Nf6 6. Ne2 Bd6 7. Bg5 O-O 8.
Qb3 Re8 9. Bxf6 Qxf6 10. Qxd5 Bg4 11. Nd2 Qh6 12. h3 Rad8 13. Qb5 Bxe2 14. Bxe2
Qe6 15. d5 Qe5 16. f4 Qh5 17. Kf1 Rxe2 18. g4 Qh6 19. Kxe2 Bxf4 20. Nc4 Qg6 21.
dxc6 a6 22. Qf5 Qxc6 23. Qxf4 Qg2+ 24. Qf2 Qd5 25. Ne3 Qd2+ 26. Kf3 Qxf2+ 27.
Kxf2 Rd2+ 28. Kf3 Rxb2 29. Rab1 Rxa2 30. Rxb7 h6 31. Rxc7 a5 32. Ke4 h5 33.
gxh5 Ra4+ 34. c4 Ra2 35. Rf1 g6 36. hxg6 fxg6 37. Ng4 Re2+ 38. Kd5 Rd2+ 39. Kc6
Rd8 40. Rff7 Rd6+ 41. Kxd6 g5 42. Nf6+ Kh8 43. Rc8# 1-0

[Event "Aktivschach 2008"]
[Site "?"]
[Date "2008.01.25"]
[Round "1"]
[White "MM IV + HG440, Mephisto"]
[Black "Polgar, Mephisto"]
[Result "0-1"]
[WhiteElo "1946"]
[BlackElo "2002"]
[Annotator "Alexander Riedel"]
[PlyCount "143"]
[EventDate "2008.??.??"]
[SourceDate "2009.06.14"]

1. d4 Nf6 2. c4 g6 3. Nc3 Bg7 4. e4 d6 5. Nf3 O-O 6. Be2 e5 7. dxe5 dxe5 8.
Qxd8 Rxd8 9. Bg5 Re8 10. Nd5 Nxd5 11. cxd5 c6 12. Bc4 cxd5 13. Bxd5 Nd7 14. Nd2
Nb6 15. Bb3 Be6 16. Bxe6 Rxe6 17. Rc1 f5 18. exf5 gxf5 19. O-O h6 20. Bh4 Rd6
21. Nb3 Rd7 22. f3 Re8 23. Rc2 e4 24. fxe4 fxe4 25. Re2 Nc4 26. Nc5 Rd2 27.
Rxe4 Bd4+ 28. Kh1 Rxe4 29. Nxe4 Rxb2 30. Bf6 Bxf6 31. Nxf6+ Kg7 32. Nh5+ Kh8
33. Ra1 Ne3 34. Nf4 Kg8 35. Kg1 b5 36. h3 Rc2 37. Kh2 Kf7 38. Kg3 Rc3 39. Kf2
Ra3 40. Rc1 Nc4 41. Rc2 Kf6 42. Re2 a5 43. Nd5+ Kf5 44. Nc7 b4 45. Ne6 a4 46.
Nc5 h5 47. Ne6 b3 48. Nd4+ Kf6 49. Re6+ Kf7 50. axb3 axb3 51. Re1 b2 52. Nc6
Ra1 53. Re7+ Kf6 54. Rb7 b1=Q 55. Rxb1 Rxb1 56. Kg3 Rb6 57. Nd4 Ke5 58. Nf3+
Kf5 59. Kh4 Rh6 60. Nd4+ Ke5 61. Ne2 Ne3 62. Kg5 Rh8 63. g3 Nd5 64. Nf4 Nxf4
65. gxf4+ Ke4 66. f5 h4 67. f6 Kf3 68. Kg6 Kg3 69. Kg7 Ra8 70. f7 Kxh3 71. f8=Q
Rxf8 72. Kxf8 0-1

[Event "Aktivschach 2008"]
[Site "?"]
[Date "2008.01.27"]
[Round "1"]
[White "MM IV + HG440, Mephisto"]
[Black "Roma 68000, Mephisto"]
[Result "1-0"]
[WhiteElo "1946"]
[BlackElo "1995"]
[Annotator "Alexander Riedel"]
[PlyCount "187"]
[EventDate "2008.??.??"]
[SourceDate "2009.06.14"]

1. d4 d5 2. c4 e6 3. Nc3 Nf6 4. Nf3 c6 5. e3 Nbd7 6. Qc2 Bb4 7. Bd3 dxc4 8.
Bxc4 O-O 9. a3 Bd6 10. e4 e5 11. Bg5 exd4 12. Nxd4 Nb6 13. Bb3 h6 14. Bh4 Qe7
15. Rd1 Bg4 16. f3 Bd7 17. O-O Rfe8 18. Rfe1 Be5 19. Bf2 Qd6 20. g3 Qe7 21. f4
Bxd4 22. Bxd4 Be6 23. Bxe6 Qxe6 24. e5 Nfd7 25. f5 Qe7 26. e6 Nf6 27. Qb3 Nfd5
28. Nxd5 Nxd5 29. Qc2 a6 30. Kh1 Rad8 31. b4 Nf6 32. Bc5 Qc7 33. Rxd8 Qxd8 34.
exf7+ Kxf7 35. Rd1 Nd5 36. Qc4 h5 37. Kg2 Kg8 38. Rf1 Kh7 39. Rf3 Qg5 40. Qd3
Kg8 41. h3 Re1 42. Bf2 Re7 43. Kh2 Re8 44. Bd4 Re1 45. Bc5 Qc1 46. Kg2 Rd1 47.
Qe4 Re1 48. Qd3 Qb2+ 49. Rf2 Qf6 50. Bd4 Qg5 51. Kh2 Kf8 52. Bc5+ Kf7 53. Rf1
Rxf1 54. Qxf1 Qd2+ 55. Qg2 Qd3 56. g4 b6 57. Bd6 h4 58. Qb2 Ne3 59. Bf4 Nc4 60.
Qg2 Nxa3 61. Qxc6 Qc2+ 62. Qg2 Qxg2+ 63. Kxg2 Nc2 64. Bd2 Kf6 65. Bc3+ Kf7 66.
Kf3 g5 67. Ke4 Na3 68. Bd2 Kf6 69. Kd3 b5 70. Be3 Nc4 71. Bd4+ Kf7 72. Bc3 Ke7
73. Ke4 Na3 74. Bd4 Nc2 75. Bb6 Ne1 76. Be3 Kf6 77. Bc1 Nc2 78. Bd2 Na3 79. Kd5
Nb1 80. Be1 Na3 81. Kc6 Nc4 82. Kb7 Nd6+ 83. Kxa6 Kf7 84. Bd2 Kf6 85. Be3 Nc4
86. Bd4+ Ke7 87. Kxb5 Nd2 88. Kc6 Nf3 89. Bc3 Ke8 90. b5 Kd8 91. b6 Kc8 92. f6
Kd8 93. b7 Ne5+ 94. Bxe5 1-0

[Event "Aktivschach 2008"]
[Site "?"]
[Date "2009.08.09"]
[Round "1"]
[White "MM IV + HG440, Mephisto"]
[Black "Super Expert C 6 MHz, Novag"]
[Result "0-1"]
[WhiteElo "1946"]
[BlackElo "2034"]
[Annotator "Alexander Riedel"]
[PlyCount "122"]
[EventDate "2008.??.??"]
[SourceDate "2009.06.14"]

1. d4 d5 2. c4 dxc4 3. Nf3 Nf6 4. e3 Bg4 5. Bxc4 e6 6. h3 Bh5 7. O-O Nbd7 8.
Nc3 Bd6 9. e4 e5 10. Be2 O-O 11. dxe5 Nxe5 12. Nd4 Bxe2 13. Ndxe2 Re8 14. Bf4
c6 15. Rc1 Qe7 16. Nd4 Bc5 17. Bg5 Rad8 18. Nf5 Qe6 19. Qb3 Nd3 20. Bxf6 Qxf6
21. Rcd1 Bb6 22. Qc2 Nc5 23. Rfe1 Rxd1 24. Nxd1 Re5 25. Ng3 Qf4 26. b3 h6 27.
b4 Na6 28. Ne3 Nxb4 29. Qb3 Na6 30. Qc2 Nc7 31. Nef5 Ne6 32. Ne7+ Kh7 33. Nef5
g6 34. Ne3 Ng5 35. Nef1 Kh8 36. Qd2 Qxd2 37. Nxd2 Rc5 38. h4 Rc2 39. Re2 Ne6
40. Nb3 Rxe2 41. Nxe2 Kg7 42. g3 Kf6 43. Kg2 a5 44. f4 a4 45. Nd2 Bd8 46. Kf3
b5 47. e5+ Ke7 48. Ne4 f5 49. exf6+ Kf7 50. h5 gxh5 51. f5 Ng5+ 52. Kf4 Bc7+
53. Ke3 Nxe4 54. Kxe4 Bd6 55. Nf4 Bxf4 56. gxf4 b4 57. Kd3 a3 58. Kc4 h4 59.
Kxb4 h3 60. Kc5 h2 61. Kxc6 h1=Q+ 0-1

[Event "Aktivschach 2008"]
[Site "?"]
[Date "2008.01.29"]
[Round "1"]
[White "MM IV + HG440, Mephisto"]
[Black "Monte Carlo, Mephisto"]
[Result "1/2-1/2"]
[WhiteElo "1946"]
[BlackElo "1888"]
[Annotator "Alexander Riedel"]
[PlyCount "90"]
[EventDate "2008.??.??"]
[SourceDate "2009.06.14"]

1. e4 e5 2. Nf3 Nc6 3. Bc4 Bc5 4. d3 Nf6 5. Nc3 d6 6. Bg5 h6 7. Bxf6 Qxf6 8.
Nd5 Qd8 9. c3 Ne7 10. b4 Bb6 11. Nxb6 axb6 12. d4 exd4 13. cxd4 d5 14. exd5
Nxd5 15. Qe2+ Be6 16. O-O O-O 17. Rfe1 Qd6 18. a3 Nf4 19. Qc2 Qc6 20. Rec1 Nh3+
21. Kf1 Bxc4+ 22. Qxc4 Nf4 23. Qxc6 bxc6 24. Rxc6 Nd5 25. a4 Nxb4 26. Rxc7 Rfd8
27. Ra3 Nd5 28. Rb7 Rac8 29. Ne5 Rc1+ 30. Ke2 f6 31. Nd7 Rc2+ 32. Kf3 Nc7 33.
Nxb6 Rxd4 34. Ke3 Ne6 35. Rb8+ Kf7 36. a5 Rdd2 37. a6 Re2+ 38. Kd3 Nf4+ 39. Kd4
Ne6+ 40. Kd3 Nc5+ 41. Kd4 Re4+ 42. Kd5 Re5+ 43. Kd4 Re4+ 44. Kd5 Re5+ 45. Kd4
Re4+ 1/2-1/2

[Event "Aktivschach 2008"]
[Site "?"]
[Date "2009.09.01"]
[Round "1"]
[White "Modena, Mephisto"]
[Black "D++ 6 MHz, Saitek"]
[Result "0-1"]
[WhiteElo "1859"]
[BlackElo "2026"]
[Annotator "Alexander Riedel"]
[PlyCount "129"]
[EventDate "2008.??.??"]
[SourceDate "2009.06.14"]

1. e4 c6 2. Nf3 d5 3. Nc3 Bg4 4. h3 Bxf3 5. Qxf3 Nf6 6. d3 e6 7. Be2 Nbd7 8.
exd5 cxd5 9. d4 Bb4 10. a3 Bxc3+ 11. Qxc3 O-O 12. Bf4 Rc8 13. Qb3 Qa5+ 14. c3
Qb6 15. Qxb6 Nxb6 16. Bd6 Rfe8 17. Bb5 Nbd7 18. O-O a6 19. Bd3 Nb6 20. Be5 Nc4
21. Bxc4 dxc4 22. Rae1 Nd5 23. Kh2 Rc6 24. Re2 Rb6 25. Rfe1 f6 26. Bg3 Kf7 27.
a4 Rd8 28. h4 h5 29. Kh3 Rd7 30. a5 Rb5 31. f3 f5 32. Bh2 Re7 33. Bd6 Rd7 34.
Bg3 Rd8 35. Bh2 Re8 36. Kg3 Rxa5 37. Kf2 Ra2 38. Be5 f4 39. Kg1 b5 40. Kf2 Rg8
41. g3 g5 42. hxg5 fxg3+ 43. Kxg3 Rxg5+ 44. Kh4 Rf5 45. Bd6 a5 46. Be5 Rxf3 47.
Kxh5 Nxc3 48. bxc3 Rxe2 49. Rxe2 Rxc3 50. d5 Rd3 51. dxe6+ Kxe6 52. Bc7+ Kd5
53. Bxa5 c3 54. Re7 Kc4 55. Kg5 Rd5+ 56. Kf4 c2 57. Rc7+ Rc5 58. Rxc5+ Kxc5 59.
Bd2 Kd4 60. Kf3 Kd3 61. Bf4 b4 62. Bg5 b3 63. Bc1 Kc3 64. Bf4 b2 65. Be5+ 0-1

[Event "Aktivschach 2008"]
[Site "?"]
[Date "2008.09.10"]
[Round "2"]
[White "Modena, Mephisto"]
[Black "GK 2000, Saitek"]
[Result "0-1"]
[WhiteElo "1959"]
[BlackElo "1974"]
[Annotator "Alexander Riedel"]
[PlyCount "180"]
[EventDate "2008.??.??"]
[SourceDate "2009.06.14"]

1. c4 e5 2. Nc3 Nf6 3. g3 d5 4. cxd5 Nxd5 5. Bg2 Nb6 6. Nf3 Nc6 7. d3 Bb4 8.
O-O Bg4 9. Bg5 f6 10. Bd2 O-O 11. a3 Bd6 12. Qb3+ Kh8 13. Nb5 Be7 14. h3 Bh5
15. Rad1 Qd7 16. Kh2 a6 17. Nc3 Bxf3 18. exf3 Qxd3 19. Be3 Qc4 20. Qc2 Rfd8 21.
f4 Nd5 22. fxe5 Nxe3 23. fxe3 fxe5 24. Be4 Bg5 25. Bd3 Qc5 26. Rf7 Bxe3 27.
Rxc7 Qb6 28. Rf7 h6 29. Na4 Qa7 30. Nc3 Nd4 31. Qb1 Rf8 32. Rdf1 Rxf7 33. Rxf7
Ne6 34. Be4 Rd8 35. Rxb7 Rd2+ 36. Kh1 Qc5 37. Rb8+ Nf8 38. Qf1 Bf2 39. Nb1 Rd7
40. Kg2 Rf7 41. Nc3 Qe3 42. Qd3 Qe1 43. h4 Bd4 44. Kh3 Rf6 45. h5 a5 46. Rc8
Qc1 47. Qb5 Rf2 48. Qxa5 Qf1+ 49. Kg4 Rh2 50. Rxf8+ Qxf8 51. Nd1 Bxb2 52. Nxb2
Rxb2 53. Qxe5 Ra2 54. Qd5 Rxa3 55. Bd3 Ra1 56. Kh3 Rd1 57. Qe4 Qg8 58. Kh2 Rd2+
59. Kg1 Rb2 60. Qg6 Ra2 61. Bf5 Re2 62. Be4 Rd2 63. Bc2 Rd7 64. Kh2 Re7 65. Bf5
Re5 66. Kg1 Rd5 67. Be6 Rd1+ 68. Kg2 Qa8+ 69. Kf2 Qc6 70. Bg4 Rd6 71. Qb1 Rf6+
72. Kg1 Qc5+ 73. Kh2 Rf2+ 74. Kh3 Qg5 75. Qb8+ Kh7 76. Qb1+ g6 77. hxg6+ Qxg6
78. Qb7+ Kg8 79. Qd5+ Kg7 80. Qd4+ Qf6 81. Qd5 Kf8 82. Be6 Qb2 83. Qd8+ Kg7 84.
Qg8+ Kf6 85. Kh4 Qd4+ 86. Kh3 Qd2 87. Kh4 Qg5+ 88. Qxg5+ hxg5+ 89. Kg4 Kxe6 90.
Kxg5 Ke5 0-1

[Event "Aktivschach 2008"]
[Site "?"]
[Date "2009.09.05"]
[Round "2"]
[White "Modena, Mephisto"]
[Black "Kishon Chesster, Fidelity"]
[Result "1-0"]
[WhiteElo "1859"]
[BlackElo "1874"]
[Annotator "Alexander Riedel"]
[PlyCount "97"]
[EventDate "2008.??.??"]
[SourceDate "2009.06.14"]

1. e4 e5 2. Nf3 Nc6 3. Bc4 Bc5 4. c3 Nf6 5. d3 d6 6. b4 Bb6 7. a4 a6 8. O-O O-O
9. Na3 d5 10. exd5 Nxd5 11. Qc2 h6 12. Re1 Qd6 13. Bxd5 Qxd5 14. b5 axb5 15.
axb5 Ne7 16. Rxe5 Qd6 17. Nc4 Qxe5 18. Nfxe5 Rxa1 19. Qb2 Ra4 20. Nxb6 cxb6 21.
c4 Bf5 22. Qd4 Ng6 23. Bb2 f6 24. Qd5+ Kh7 25. Nd7 Bxd7 26. Qxd7 Rb4 27. Qd4
Ra8 28. h4 Nxh4 29. Qe4+ f5 30. Qxb7 Rg8 31. Bd4 Rb3 32. Bxb6 Rxd3 33. c5 Rb3
34. Ba7 Rc3 35. c6 Rc1+ 36. Kh2 Rc2 37. Bd4 f4 38. c7 Rc4 39. Qe4+ Ng6 40. b6
Rf8 41. Qd5 Rc1 42. Bc5 Rc8 43. b7 Rxc7 44. b8=Q Rc8 45. Qxc8 Ne7 46. Qe4+ Ng6
47. Qce8 Rh1+ 48. Kxh1 h5 49. Q4xg6# 1-0

[Event "Aktivschach 2008"]
[Site "?"]
[Date "2009.09.03"]
[Round "1"]
[White "Modena, Mephisto"]
[Black "MM II + HG240, Mephisto"]
[Result "1-0"]
[WhiteElo "1859"]
[BlackElo "1805"]
[Annotator "Alexander Riedel"]
[PlyCount "123"]
[EventDate "2008.??.??"]
[SourceDate "2009.06.14"]

1. c4 e6 2. Nc3 d5 3. d4 c6 4. Nf3 dxc4 5. a4 Bb4 6. e3 b5 7. Bd2 Qb6 8. Ne4
Bxd2+ 9. Qxd2 Qd8 10. axb5 cxb5 11. Qb4 Nc6 12. Qxb5 Nge7 13. Bxc4 O-O 14. Qh5
Qb6 15. Bd3 f5 16. Nc5 Qb4+ 17. Kf1 Qxb2 18. Rb1 Qc3 19. g3 Nd5 20. Rb3 Qa1+
21. Kg2 Qa2 22. Bb5 Na5 23. Rd3 Nf6 24. Qh4 Rb8 25. Rd2 Qd5 26. Bd3 Bb7 27.
Nxb7 Nxb7 28. Rc1 Rfc8 29. Rdc2 Rxc2 30. Rxc2 Qb3 31. Qf4 Rd8 32. Ne5 Nd7 33.
Rc7 Qd5+ 34. Nf3 Nd6 35. Rxa7 Nf6 36. Qh4 Qb3 37. Rxg7+ Kxg7 38. Qg5+ Kf7 39.
Ne5+ Ke8 40. Qxf6 Qb7+ 41. Kg1 Qe7 42. Qxe7+ Kxe7 43. Nc6+ Kd7 44. Nxd8 Kxd8
45. Kg2 Kd7 46. Kf3 Kc6 47. Kf4 h6 48. Ke5 Kd7 49. Kf6 h5 50. h4 Ne8+ 51. Kf7
Nd6+ 52. Kg6 Kc6 53. Kxh5 Kd7 54. Kg6 Nc8 55. h5 f4 56. gxf4 Ke7 57. h6 Kf8 58.
h7 Ne7+ 59. Kf6 Ng8+ 60. Kxe6 Kg7 61. hxg8=Q+ Kxg8 62. f5 1-0

[Event "Aktivschach 2008"]
[Site "?"]
[Date "2008.01.28"]
[Round "2"]
[White "Modena, Mephisto"]
[Black "MM IV + HG440, Mephisto"]
[Result "0-1"]
[WhiteElo "1959"]
[BlackElo "1946"]
[Annotator "Alexander Riedel"]
[PlyCount "112"]
[EventDate "2008.??.??"]
[SourceDate "2009.06.14"]

1. e4 e5 2. Nc3 Nf6 3. Bc4 Bc5 4. d3 d6 5. Nf3 Nc6 6. Bg5 h6 7. Bxf6 Qxf6 8.
Nd5 Qd8 9. c3 Ne7 10. b4 Nxd5 11. bxc5 Nf4 12. O-O Bg4 13. cxd6 Qxd6 14. Rb1
O-O-O 15. d4 exd4 16. cxd4 Qe7 17. Re1 Bxf3 18. Qxf3 Rxd4 19. Qxf4 Rxc4 20.
Qg4+ Qe6 21. Qxg7 Re8 22. Qb2 Qc6 23. f3 Rc2 24. Qb3 Qb6+ 25. Qxb6 axb6 26.
Rec1 Rxa2 27. Rxb6 Rg8 28. g3 Rh8 29. Kh1 h5 30. Rf6 Rh7 31. f4 Kd7 32. e5 c6
33. Re1 Rc2 34. e6+ fxe6 35. Rfxe6 b5 36. f5 Rf7 37. f6 Rf2 38. Re7+ Rxe7 39.
fxe7 Ke8 40. Re5 b4 41. Kg1 Ra2 42. Re3 c5 43. h3 c4 44. Re4 b3 45. Rxc4 b2 46.
Rb4 Ra1+ 47. Kf2 b1=Q 48. Rxb1 Rxb1 49. Kf3 Rb3+ 50. Kg2 Kxe7 51. Kh2 Rb2+ 52.
Kg1 Kf6 53. Kf1 Kf5 54. Ke1 Rh2 55. g4+ hxg4 56. hxg4+ Kxg4 0-1

[Event "Aktivschach 2008"]
[Site "?"]
[Date "2008.09.15"]
[Round "2"]
[White "Modena, Mephisto"]
[Black "Polgar, Mephisto"]
[Result "1/2-1/2"]
[WhiteElo "1959"]
[BlackElo "2002"]
[Annotator "Alexander Riedel"]
[PlyCount "79"]
[EventDate "2008.??.??"]
[SourceDate "2009.06.14"]

1. c4 c6 2. d4 d5 3. cxd5 cxd5 4. Nc3 Nf6 5. e3 e6 6. Bd3 Nc6 7. Nf3 Bd7 8. O-O
Nb4 9. Be2 Bd6 10. Qb3 Ne4 11. a3 Nc6 12. Nxe4 dxe4 13. Nd2 Qc7 14. g3 Na5 15.
Qc3 Qxc3 16. bxc3 f5 17. c4 O-O 18. c5 Bc7 19. Rb1 b6 20. cxb6 Bxb6 21. Bb2 Ba4
22. Bc3 Rac8 23. Bxa5 Bxa5 24. Nc4 Bc7 25. Rb7 Bb8 26. Rc1 Bc6 27. Re7 Bd5 28.
h3 Rfd8 29. Rb1 Bxc4 30. Rxb8 Bxe2 31. Rbb7 Rc1+ 32. Kh2 g5 33. Rxa7 g4 34.
Rg7+ Kh8 35. Rxh7+ Kg8 36. Rhg7+ Kf8 37. Rgf7+ Kg8 38. Rg7+ Kf8 39. Rgf7+ Kg8
40. Rg7+ 1/2-1/2

[Event "Aktivschach 2008"]
[Site "?"]
[Date "2008.09.11"]
[Round "2"]
[White "Modena, Mephisto"]
[Black "Roma 68000, Mephisto"]
[Result "0-1"]
[WhiteElo "1959"]
[BlackElo "1995"]
[Annotator "Alexander Riedel"]
[PlyCount "114"]
[EventDate "2008.??.??"]
[SourceDate "2009.06.14"]

1. Nf3 d5 2. d4 c6 3. c4 Nf6 4. cxd5 cxd5 5. Nc3 Nc6 6. Bf4 Bf5 7. Qb3 Qb6 8.
Qxb6 axb6 9. Nb5 Rc8 10. Rc1 e6 11. a3 Be7 12. Nd6+ Bxd6 13. Bxd6 Na7 14. Rc7
Rxc7 15. Bxc7 Nd7 16. Rg1 O-O 17. Bf4 Rc8 18. g4 Bc2 19. h3 Ba4 20. h4 Rc2 21.
b3 Bxb3 22. e3 Bc4 23. Bxc4 dxc4 24. a4 Ra2 25. Kf1 Rxa4 26. Kg2 Ra2 27. Rc1 b5
28. g5 f5 29. h5 g6 30. hxg6 hxg6 31. Bd6 Nc8 32. Bc5 Nxc5 33. dxc5 Na7 34. Ne5
Nc6 35. Nxg6 Kg7 36. Nf4 e5 37. Ne6+ Kg6 38. Kg3 Ra3 39. Nc7 Rb3 40. Kh4 c3 41.
Nd5 b4 42. f4 Rb2 43. fxe5 Rh2+ 44. Kg3 Rd2 45. Nf4+ Kxg5 46. Ne6+ Kg6 47. Kf4
Rd5 48. Rg1+ Kf7 49. Ng5+ Ke8 50. Nf3 Rxc5 51. Kxf5 c2 52. Ke6 Nd8+ 53. Kf5
c1=Q 54. Rxc1 Rxc1 55. Nd4 Nc6 56. Nb5 b3 57. Nd6+ Kd7 0-1

[Event "Aktivschach 2008"]
[Site "?"]
[Date "2009.08.12"]
[Round "2"]
[White "Modena, Mephisto"]
[Black "Super Expert C 6 MHz, Novag"]
[Result "0-1"]
[WhiteElo "1859"]
[BlackElo "2034"]
[Annotator "Alexander Riedel"]
[PlyCount "82"]
[EventDate "2008.??.??"]
[SourceDate "2009.06.14"]

1. c4 e5 2. Nc3 Nc6 3. Nf3 Nf6 4. e3 Be7 5. d4 exd4 6. exd4 d6 7. Be2 O-O 8.
Bf4 Re8 9. d5 Nb4 10. a3 Na6 11. O-O Bg4 12. h3 Bh5 13. b4 c6 14. dxc6 bxc6 15.
c5 Bxf3 16. gxf3 Nh5 17. Bxd6 Bxd6 18. Qxd6 Qg5+ 19. Kh1 Qf5 20. Bxa6 Qxf3+ 21.
Kg1 Nf4 22. Qxf4 Qxf4 23. Rad1 Re6 24. Be2 Rg6+ 25. Kh1 a5 26. bxa5 Qf5 27. Rd3
Rh6 28. Kh2 Re6 29. Rg3 Qxc5 30. a6 Qxa3 31. Rfg1 Kh8 32. Bc4 Rf6 33. Ne4 Rf3
34. Rf1 Rxg3 35. fxg3 Qb2+ 36. Nf2 Qd4 37. Be2 Re8 38. Bd3 Re1 39. Kg2 Qd5+ 40.
Kh2 Rxf1 41. Bxf1 Qf3 0-1

[Event "Aktivschach 2008"]
[Site "?"]
[Date "2009.09.06"]
[Round "2"]
[White "Modena, Mephisto"]
[Black "Monte Carlo, Mephisto"]
[Result "1-0"]
[WhiteElo "1859"]
[BlackElo "1888"]
[Annotator "Alexander Riedel"]
[PlyCount "121"]
[EventDate "2008.??.??"]
[SourceDate "2009.06.14"]

1. e4 e5 2. f4 exf4 3. Nf3 d5 4. exd5 Nf6 5. Bb5+ c6 6. dxc6 Nxc6 7. d4 Bd6 8.
O-O O-O 9. Nbd2 Bg4 10. Nc4 Bc7 11. Bxc6 bxc6 12. Qd3 g6 13. Nfe5 Bf5 14. Qd2
Ne4 15. Qd1 c5 16. d5 g5 17. Re1 Bxe5 18. Nxe5 Re8 19. Nc6 Qd6 20. c4 Bd7 21.
Qa4 Qf6 22. Qc2 Qf5 23. b4 Bxc6 24. dxc6 cxb4 25. c5 Rac8 26. Bb2 Rxc6 27. Rac1
f3 28. Bd4 fxg2 29. Qxg2 f6 30. Rcd1 a6 31. Qc2 Qg4+ 32. Kh1 Qf3+ 33. Kg1 Ree6
34. Rf1 Qh3 35. Rd3 Qg4+ 36. Kh1 f5 37. Rg1 Qf4 38. Rgd1 Qc7 39. Ba1 Rcd6 40.
Rxd6 Nxd6 41. Rxd6 Re1+ 42. Kg2 Rxa1 43. Rf6 Qf4 44. Rxf5 Qg4+ 45. Kf2 Qg1+ 46.
Kf3 Rf1+ 47. Ke4 Re1+ 48. Kd5 Rc1 49. Qf2 Qxf2 50. Rxf2 Kg7 51. Kc6 h5 52. Kb6
a5 53. Kxa5 b3 54. axb3 Rxc5+ 55. Ka6 Kg6 56. b4 Rc6+ 57. Ka5 Rf6 58. Rxf6+
Kxf6 59. b5 Ke6 60. b6 g4 61. b7 1-0

[Event "Aktivschach 2008"]
[Site "?"]
[Date "2008.09.16"]
[Round "1"]
[White "Polgar, Mephisto"]
[Black "D++ 6 MHz, Saitek"]
[Result "1-0"]
[WhiteElo "2002"]
[BlackElo "2026"]
[Annotator "Alexander Riedel"]
[PlyCount "57"]
[EventDate "2008.??.??"]
[SourceDate "2009.06.14"]

1. e4 c6 2. d4 d5 3. Nc3 dxe4 4. Nxe4 Bf5 5. Ng3 Bg6 6. h4 h6 7. h5 Bh7 8. Nf3
Nd7 9. Bd3 Bxd3 10. Qxd3 Qc7 11. Bd2 e6 12. O-O-O Ngf6 13. c4 b5 14. Rde1 Nb6
15. c5 Nbd5 16. Ne5 Be7 17. Ne4 O-O 18. Nxf6+ Bxf6 19. g4 a5 20. f4 a4 21. g5
Bxe5 22. fxe5 hxg5 23. h6 Rfe8 24. hxg7 Kxg7 25. Qh7+ Kf8 26. Bxg5 Qxe5 27.
dxe5 Nf6 28. Bxf6 b4 29. Qg7# 1-0

[Event "Aktivschach 2008"]
[Site "?"]
[Date "2008.09.03"]
[Round "2"]
[White "Polgar, Mephisto"]
[Black "GK 2000, Saitek"]
[Result "0-1"]
[WhiteElo "2002"]
[BlackElo "1974"]
[Annotator "Alexander Riedel"]
[PlyCount "72"]
[EventDate "2008.??.??"]
[SourceDate "2009.06.14"]

1. d4 d5 2. c4 e6 3. Nc3 c5 4. e3 Nf6 5. Nf3 cxd4 6. exd4 Bb4 7. Bg5 Qa5 8. Bd2
Nbd7 9. a3 Bxc3 10. Bxc3 Qc7 11. Nd2 O-O 12. b3 dxc4 13. bxc4 e5 14. Bb4 Re8
15. dxe5 Qxe5+ 16. Be2 a5 17. Nf3 Qxe2+ 18. Qxe2 axb4 19. Qxe8+ Nxe8 20. a4 b3
21. Nd2 b2 22. Ra2 Nc5 23. O-O Nxa4 24. Rb1 Nc7 25. Re1 Be6 26. Ra3 b5 27. cxb5
Nxb5 28. Rd3 Nc5 29. Rde3 Nd4 30. Rb1 Ra2 31. f4 Kf8 32. Rd1 Ra1 33. Ree1 Rc1
34. Kf1 Nd3 35. Rxc1 bxc1=Q 36. Rxc1 Nxc1 0-1

[Event "Aktivschach 2008"]
[Site "?"]
[Date "2008.09.28"]
[Round "1"]
[White "Polgar, Mephisto"]
[Black "Kishon Chesster, Fidelity"]
[Result "1-0"]
[WhiteElo "2002"]
[BlackElo "1873"]
[Annotator "Alexander Riedel"]
[PlyCount "109"]
[EventDate "2008.??.??"]
[SourceDate "2009.06.14"]

1. e4 c5 2. c3 d5 3. exd5 Qxd5 4. d4 e6 5. Nf3 Nc6 6. Na3 Qd8 7. Bb5 cxd4 8.
Nxd4 Bxa3 9. bxa3 Nge7 10. Bg5 Qd5 11. Nxc6 bxc6 12. Qxd5 exd5 13. Bd3 Bf5 14.
Kd2 Bxd3 15. Kxd3 Ng6 16. Rab1 f6 17. Be3 O-O 18. Rb7 Ne5+ 19. Kc2 Rf7 20. Rhb1
Rxb7 21. Rxb7 a5 22. Bc5 Re8 23. h4 h5 24. f4 Ng6 25. g3 Re2+ 26. Kb3 Rg2 27.
f5 Ne5 28. Ra7 Rxg3 29. Rxa5 Rf3 30. Ra8+ Kh7 31. Ra7 Rxf5 32. Bf8 Kg8 33. Bd6
Rf4 34. Re7 Re4 35. a4 Nf7 36. Rxe4 dxe4 37. Bc7 Nh6 38. a5 e3 39. a6 e2 40.
Bg3 Nf5 41. Be1 Nxh4 42. Bxh4 g5 43. Be1 c5 44. a7 Kf7 45. a8=Q f5 46. Qd5+ Kf6
47. a4 f4 48. a5 h4 49. Qe4 h3 50. Qxe2 Kf5 51. a6 g4 52. a7 f3 53. Qd3+ Kg5
54. Qd6 h2 55. Qxh2 1-0

[Event "Aktivschach 2008"]
[Site "?"]
[Date "2008.08.26"]
[Round "1"]
[White "Polgar, Mephisto"]
[Black "MM II + HG240, Mephisto"]
[Result "1-0"]
[WhiteElo "2002"]
[BlackElo "1805"]
[Annotator "Alexander Riedel"]
[PlyCount "121"]
[EventDate "2008.??.??"]
[SourceDate "2009.06.14"]

1. e4 e6 2. d4 d5 3. exd5 exd5 4. Bd3 Nc6 5. c3 Bd6 6. Ne2 Nf6 7. Bg5 O-O 8.
Qb3 Be7 9. O-O Ne4 10. Bxe7 Nxe7 11. Bxe4 dxe4 12. Nd2 e3 13. fxe3 b6 14. e4
Bb7 15. Rad1 a5 16. c4 c6 17. Qg3 Ng6 18. b3 a4 19. b4 a3 20. Rf3 Ra4 21. Rb1
Qb8 22. Rbb3 Qxg3 23. Rxg3 Re8 24. Rxa3 Rxb4 25. Rgb3 c5 26. Rxb4 cxb4 27. Re3
Ra8 28. Nc1 Kf8 29. Rb3 Ra4 30. Kf2 Ke7 31. Ke3 f6 32. Rb2 Ra3+ 33. Nd3 Nf4 34.
Nb3 Nxd3 35. Kxd3 Ba6 36. Rf2 Kd6 37. g4 Bc8 38. g5 fxg5 39. e5+ Ke6 40. Ke4
Ke7 41. d5 g4 42. Nd4 Rc3 43. e6 g3 44. hxg3 Rxc4 45. Ke5 Rc3 46. Rf7+ Ke8 47.
Rxg7 Kf8 48. Rxh7 Kg8 49. Re7 Ba6 50. Ra7 Bc8 51. Nf5 Rc2 52. Kd6 b3 53. axb3
Bxe6 54. dxe6 Rd2+ 55. Kc6 Rc2+ 56. Kd7 Rd2+ 57. Nd6 Kg7 58. Kc6+ Kg6 59. e7
Re2 60. e8=Q+ Rxe8 61. Nxe8 1-0

[Event "Aktivschach 2008"]
[Site "?"]
[Date "2008.01.26"]
[Round "2"]
[White "Polgar, Mephisto"]
[Black "MM IV + HG440, Mephisto"]
[Result "1/2-1/2"]
[WhiteElo "2000"]
[BlackElo "1946"]
[Annotator "Alexander Riedel"]
[PlyCount "111"]
[EventDate "2008.??.??"]
[SourceDate "2009.06.14"]

1. e4 c5 2. Nf3 d6 3. d4 cxd4 4. Nxd4 Nf6 5. Nc3 g6 6. Be3 Bg7 7. f3 Nc6 8. Qd2
Bd7 9. Bb5 Nxd4 10. Bxd7+ Qxd7 11. Bxd4 O-O 12. O-O b5 13. a4 a6 14. axb5 axb5
15. Rfe1 Rfc8 16. Rxa8 Rxa8 17. f4 e6 18. g3 b4 19. Nd1 e5 20. Bf2 exf4 21.
Qxb4 fxg3 22. hxg3 Re8 23. Nc3 Qh3 24. Qb5 Nd7 25. Qb3 Rb8 26. Nb5 Nc5 27. Qc4
Be5 28. Re3 Qd7 29. Nd4 Rxb2 30. Nf3 Rb1+ 31. Re1 Rxe1+ 32. Bxe1 Bg7 33. e5 Qe7
34. exd6 Qxd6 35. Kg2 Ne6 36. Qc8+ Qf8 37. Qc6 Qc5 38. Qxc5 Nxc5 39. Bd2 f5 40.
c4 Bf8 41. Be3 Nd3 42. Nd2 Bc5 43. Kf3 Bd6 44. Bd4 Kf7 45. Ke2 Nc5 46. Kf3 Ke6
47. Be3 h5 48. Nf1 Ne4 49. Kg2 g5 50. Nd2 Nxd2 51. Bxd2 f4 52. gxf4 gxf4 53. c5
Bc7 54. Kh3 Kd5 55. Bxf4 Bxf4 56. Kh4 1/2-1/2